Tribhuvan University Central Library

A History of Philosophy. (Record no. 66343)

MARC details
000 -LEADER
fixed length control field 00482 a2200169 4500
041 ## - LANGUAGE CODE
Language code of text/sound track or separate title Eng
082 ## - DEWEY DECIMAL CLASSIFICATION NUMBER
Classification number 190
Item number W723
100 ## - MAIN ENTRY--PERSONAL NAME
Personal name Windelband, W.
-- James H. Tufts
245 ## - TITLE STATEMENT
Title A History of Philosophy.
250 ## - EDITION STATEMENT
Edition statement 2nd edn.
260 ## - PUBLICATION, DISTRIBUTION, ETC.
Place of publication, distribution, etc. New York:
Name of publisher, distributor, etc. The Macmillan company,
Date of publication, distribution, etc. 1901
300 ## - PHYSICAL DESCRIPTION
Extent xv, 726p. 23.12 cm.
504 ## - BIBLIOGRAPHY, ETC. NOTE
Bibliography, etc. note Bibliographical foot-notes
650 ## - SUBJECT ADDED ENTRY--TOPICAL TERM
Topical term or geographic name entry element Philosophy
-- History
-- Knowledge
-- Civilisation
-- Middle ages
653 ## - INDEX TERM--UNCONTROLLED
Uncontrolled term Modern philosophy
942 ## - ADDED ENTRY ELEMENTS (KOHA)
Source of classification or shelving scheme Dewey Decimal Classification
Koha item type General Collections

No items available.